Nature and life in Southeast Asia / (Record no. 72575)
[ view plain ]
| 000 -LEADER | |
|---|---|
| fixed length control field | 00717nam a2200241 a 4500 |
| 001 - CONTROL NUMBER | |
| control field | 72575 |
| 003 - CONTROL NUMBER IDENTIFIER | |
| rucl marc code | BD-RjUL |
| 005 - DATE AND TIME OF LATEST TRANSACTION | |
| control field | 20211209082258.0 |
| 008 - FIXED-LENGTH DATA ELEMENTS--GENERAL INFORMATION | |
| fixed length control field | 170521s1961 ja ab 000 0 eng |
| 035 ## - SYSTEM CONTROL NUMBER | |
| System control number | (BD-RjUL)72793 |
| 040 ## - CATALOGING SOURCE | |
| Original cataloging agency | DLC |
| Transcribing agency | CarP |
| Modifying agency | BD-RjUL |
| Language of cataloging | eng |
| 041 ## - LANGUAGE CODE | |
| Language code of text/sound track or separate title | eng |
| 082 ## - DEWEY DECIMAL CLASSIFICATION NUMBER | |
| Edition number | 23 |
| Classification number | 508.0959 |
| Author mark and year | NAT 1961 |
| 245 10 - TITLE STATEMENT | |
| Title | Nature and life in Southeast Asia / |
| Statement of responsibility, etc. | Tatuo Kira and Tadao Umesao |
| 260 ## - PUBLICATION, DISTRIBUTION, ETC. (IMPRINT) | |
| Place of publication, distribution, etc. | Japan : |
| Date of publication, distribution, etc. | Fauna and Flora, |
| Name of publisher, distributor, etc. | 1961. |
| 300 ## - PHYSICAL DESCRIPTION | |
| Pagination | v. : |
| Illustrations | ill. ; |
| Size | 26 cm. |
| 505 ## - FORMATTED CONTENTS NOTE | |
| Formatted contents note | vol. 1 -- |
| 650 #0 - SUBJECT ADDED ENTRY--TOPICAL TERM | |
| Topical term or geographic name as entry element | Natural history |
| Geographic subdivision | Southeast Asia. |
| 9 (RLIN) | 214676 |
| 700 1# - ADDED ENTRY--PERSONAL NAME | |
| Personal name | Kira, Tatsuo, |
| Dates associated with a name | 1919-2011, |
| Relator term | ed. |
| Personal name | Umesao, Tadao, |
| Dates associated with a name | 1920-2010, |
| Relator term | ed. |
| 942 ## - ADDED ENTRY ELEMENTS (KOHA) | |
| Source of classification or shelving scheme | Dewey Decimal Classification |
| Koha item type | Books |
| Lost status | Source of classification or shelving scheme | Damaged status | Not for loan | Collection code | Permanent Location | Current Location | Shelving location | Date acquired | Source of acquisition | Cost, normal purchase price | Total Checkouts | Full call number | Date last seen | Copy number | Koha item type |
|---|---|---|---|---|---|---|---|---|---|---|---|---|---|---|---|
| Dewey Decimal Classification | Not For Loan | Non-fiction | Central Library, University of Rajshahi | Central Library, University of Rajshahi | Reading Room | 10/11/1965 | Zeitlinger | 12.50 | 508.0959 NAT V-1 1961 | 21/05/2017 | C-1 | Books |